Dzielnice Łodzi - Statystyki

Ogólne statystyki
  • Ten quiz został rozwiązany 69 razy
  • Średni wynik to 6 z 8
Answers on the Grid
Answers color-coded by a green-red scale on the quiz's grid according to % correct below.
Chojny
Andrzejów
Bemowo
Jagodno
Katedralna
Kobylepole
Krzyki
Łagiewniki
Mokotów
Nowa Huta
Psie Pole
Radogoszcz
Stary Widzew
Wzniesienia *******
Złotno
Zwierzyniec
 
Statystyki odpowiedzi
Odpowiedź % Poprawnych
Łódź Stary Widzew
93%
Łódź
Chojny
88%
Łódź Radogoszcz
88%
Łódź Andrzejów
81%
Łódź Łagiewniki
70%
Łódź Złotno
65%
Łódź Wzniesienia *******
51%
Łódź Katedralna
46%
Nie znaleziono quizów pasujących do podanych kryteriów
Rozkład punktacji
Procent ludzi z każdym wynikiem
Percentyl według liczby udzielonych odpowiedzi
Twoja historia wyników
Nie rozwiązałeś tego quizu